Les disciplines des Jeux d'Amérique centrale et des Caraïbes dep. 1926 - Statistiques

Statistiques générales
  • Ce quiz a été pris 2 fois
  • Le résultat moyen est 15 sur 40
Statistiques - réponses
Domaine Initiale Sports % Correct
Sports d'équipe B Basket
100%
Sports d'équipe F Football
100%
Autres sports A Gymnastique {artistique}
100%
Sports d'équipe H Handball
100%
Sports d'eau N Natation
100%
Autres sports A Athlétisme
50%
Sports de raquette B Badminton
50%
Sports d'équipe B Baseball
50%
Sports de combat B Boxe
50%
Sports d'eau C Canoë-kayak
50%
Autres sports E Equitation
50%
Autres sports G Golf
50%
Autres sports R Gymnastique {rythmique}
50%
Autres sports H Haltérophilie
50%
Sports de combat J Judo
50%
Sports de combat K Karaté
50%
Sports de combat L Lutte
50%
Sports d'eau P Plongeon
50%
Sports d'équipe S Softball
50%
Sports de combat T Taekwondo
50%
Sports de raquette T Tennis
50%
Sports de raquette T Tennis de table
50%
Sports d'eau V Voile
50%
Sports d'équipe W Water-polo
50%
Sports d'équipe B Beach volley
0%
Autres sports B Bowling
0%
Autres sports C Cyclisme
0%
Sports de combat E Escrime
0%
Sports d'équipe H Hockey-sur-gazon
0%
Sports d'équipe P Pelote basque
0%
Autres sports P Pentathlon moderne
0%
Sports d'équipe R Racquetball
0%
Autres sports R Roller
0%
Sports d'équipe R Rugby à VII
0%
Sports d'eau S Ski nautique
0%
Sports de raquette S Squash
0%
Autres sports T Tir
0%
Autres sports T Tir à l'arc
0%
Autres sports T Trampoline
0%
Sports d'équipe F Volleyball
0%
Aucun quiz correspondant
Distribution des résultats
% des personnes avec chaque résultat
Percentile par nombre de réponses
Votre historique - résultats
Vous n’avez pas pris ce quiz